00533nam a22001937a 450000500170000001000130001702000220003003500130005203700160006504000120008108200170009310000190011024500430012926000430017227000510021530000270026665000190029365000270031220170124110046.0 aA-996428 c45.00a8186190880 aA-996428 bCen Lib/Ret aDPLbEN a796.342bTHA aThani, Lokesh  aHow to play tennis /cby Lokesh Thani  aNew Delhi bSports Publications c2000 bNew Delhi ashiv market , ashok vihar e110052 a48p. ;c21cm(Hb)bill. aGamesxTennis  aSkills and techniques